| 000 | 00749nac a22001811u 4500 | ||
|---|---|---|---|
| 008 | 101108s1991 xxu||||| |||| 00| 0 ara d | ||
| 082 |
_a378.1981 _bا ل ل |
||
| 245 |
_aالطلبة والسياسة في مصر / _cأحمد عبد الله ؛ ترجمة إكرام يوسف |
||
| 260 |
_aالقاهرة : _bسينا للنشر ،1991 _c1991. |
||
| 300 |
_a294 ص : _bايض ؛ _c24 سم. |
||
| 504 | _aيشتمل على إرجاعات ببليوجرافية ص 283-294 | ||
| 511 | _aCatalogued by: Sara | ||
| 650 |
_aالمظاهرات _921494 |
||
| 650 |
_aالطلبة _921199 _xنشاط سياسي |
||
| 650 |
_aالحركات الطلابية _921068 |
||
| 700 |
_aيوسف ، إكرام _921069 _eترجمة |
||
| 942 |
_cBB _k378.1981 ا ل ل _2ddc |
||
| 999 |
_c7865 _d7865 |
||